Carta con fecha 15 de Marzo de 1928 para: [José María Gonzáles Valencia]

Síntesis: Carta que Miguel Palomar envía al Arzobispo de Durango, en ella le dice que el obispo Pascual Díaz y Barreto, pretende él hacer arreglos con el gobierno, también le informa en esta carta de las batallas que se han librado en la región de los Altos, Jalisco, donde según Miguel palomar han o...

Fuld beskrivelse

Guardado en:
Bibliografiske detaljer
Hovedforfatter: Palomar y Vizcarra, Miguel (autor)
Format: Bog
Fag:
Tags: Tilføj Tag
Ingen Tags, Vær først til at tagge denne postø!

MARC

LEADER 00000nam^a2200000^a^4500
001 000250114
005 20250526000000.0
009 20260310105756.886
035 |a R01112 
037 |a Acervo Xavier Clavigero 
082 |a 21. 2  |b PAL V. LIBRO 6 5/66 
100 |a Palomar y Vizcarra, Miguel  |e (autor) 
245 1 0 |a Carta con fecha 15 de Marzo de 1928 para:  |b [José María Gonzáles Valencia] 
264 |a México :  |b Destinatario: González y Valencia, José María, Arz. de Durango.,  |c 1928 
300 |a 2 fojas, mcs/cop. 21.5 X 28 
336 |a texto  |b txt  |2 rdacontenido 
337 |a sin mediación  |b n  |2 rdamedio 
338 |a volumen  |b nc  |2 rdasoporte 
520 |a Síntesis: Carta que Miguel Palomar envía al Arzobispo de Durango, en ella le dice que el obispo Pascual Díaz y Barreto, pretende él hacer arreglos con el gobierno, también le informa en esta carta de las batallas que se han librado en la región de los Altos, Jalisco, donde según Miguel palomar han obtenido victorias los cristeros. 
598 |a Carta 
598 |a En la biblioteca del ILFC, Guadalajara, Jal. 
598 |a Lugares que cita el documento: México, D.F. Washington, E.U. Sn. Juan de los Lagos, Jalisco. Coalcomán. Filipinas. Los Altos, Jalisco. Tepatitlán, Jalisco. 
598 |a 1928/Marzo/15; 1942/enero/08 
649 |a XX 
650 |a * Palomar y Vizcarra, Miguel -  |x correspondencia, memorias, etc 
650 |a * Piani, Guillermo 
650 |a González Valencia, José María 
650 |a * Morrow, Whitney Dwight 
650 |a Ceniceros y Villarreal, Rafael 
650 |a * Domínguez, Juan 
650 |a Díaz y Barreto, Pascual 
650 |a * Corona y Corona, Nicolás 
910 |a Fondo Jesús Gómez Fregoso S.J. FXC 
920 |a Impresos - Documentos 
930 |a Libros Antiguos y Raros 
940 |a Guerra Cristera 
905 |a 110 
901 |a R01112  |b IT2  |c LRA  |i R01112  |u 20250526 
902 |a https://opac.biblio.iteso.mx/vufind/Record/000250114